The kite runner.
Guardat en:
| Autor principal: | |
|---|---|
| Format: | Desconegut |
| Publicat: |
New York, USA:
Riverhead Books,
2013.
|
| Edició: | Riverhead 10th Aniversary edition. |
| Matèries: | |
| Etiquetes: |
Afegir etiqueta
Sense etiquetes, Sigues el primer a etiquetar aquest registre!
|
MARC
| LEADER | 00000 a2200000 4500 | ||
|---|---|---|---|
| 003 | CL-VaPUC | ||
| 005 | 20230102140107.0 | ||
| 008 | 221220t2013 ||||| |||| 00| 0 eng d | ||
| 999 | |c 439473 |d 439471 | ||
| 020 | |a 978-1594631931 | ||
| 040 | |c Pontificia Universidad Católica de Valparaíso | ||
| 082 | 7 | |a 813.6 HOS 2013 |2 22 | |
| 100 | |a Hosseini, Khaled |9 546494 |e author | ||
| 245 | |a The kite runner. | ||
| 250 | |a Riverhead 10th Aniversary edition. | ||
| 260 | |a New York, USA: |b Riverhead Books, |c 2013. | ||
| 300 | |a 371 páginas. | ||
| 583 | |k GC |c 20221220 | ||
| 650 | |a Amistad |x Novelas estadounidenses |9 879457 | ||
| 650 | |a Novelas estadounidenses |9 265217 | ||
| 650 | |a Clases sociales |x Novelas estadounidenses |9 879458 | ||
| 651 | |a Kabul (Afganistán) |x Novelas estadounidenses |9 879459 | ||
| 942 | |2 ddc |c BK | ||
| 952 | |0 0 |1 0 |2 ddc |4 0 |6 813_600000000000000_HOS_2013 |7 0 |8 A |9 588385 |a BIBEDU |b BIBEDU |c GEN |d 2022-12-20 |e 74 |g 21868.00 |i 5656173 |o 813.6 HOS 2013 |p 5656173 |r 2022-12-20 |t 1 |v 21868.00 |w 2022-12-20 |y BK |k LIT | ||
| 952 | |0 0 |1 0 |2 ddc |4 0 |6 813_600000000000000_HOS_2013 |7 0 |8 A |9 591014 |a BIBEDU |b BIBEDU |c GEN |d 2023-07-28 |e 3 |g 15250.50 |i 5658193 |l 1 |m 1 |o 813.6 HOS 2013 |p 5658193 |r 2023-09-13 |s 2023-08-25 |t 2 |v 15250.50 |w 2023-07-28 |y BK |k LIT | ||
| 952 | |0 0 |1 0 |2 ddc |4 0 |6 813_600000000000000_HOS_2013 |7 0 |8 A |9 591015 |a BIBEDU |b BIBEDU |c GEN |d 2023-07-28 |e 3 |g 15250.50 |i 5658194 |o 813.6 HOS 2013 |p 5658194 |r 2023-07-28 |t 3 |v 15250.50 |w 2023-07-28 |y BK |k LIT | ||